Statistics for Scotland Trivia Beginning with A

Click here to take the quiz!

General Stats

  • This quiz has been taken 140 times
  • The average score is 2 of 5

Answer Stats

HintAnswer% Correct
Its third largest cityAberdeen
100%
Ski resort in the CarimgormsAviemore
54%
Robert Burns birthplaceAlloway
33%
The source of curling stones also known as Paddy's MilestoneAilsa Craig
26%
Coatbridge's football teamAlbion Rovers
24%

Score Distribution

Percentile by Number Answered

Percent of People with Each Score

Your Score History

You have not taken this quiz